书目信息 |
| 题名: |
易经异文释导读
|
|
| 作者: | 李富孙, 著 ;吴辛丑, 导读 | |
| 分册: | ||
| 出版信息: | 北京 华龄出版社 2021.01 |
|
| 页数: | 252页 | |
| 开本: | 24cm | |
| 丛书名: | 历代易学名著整理与研究丛书 | |
| 单 册: | ||
| 中图分类: | B221.5 | |
| 科图分类: | ||
| 主题词: | ||
| 电子资源: | ||
| ISBN: | 978-7-5169-1725-1 | |
| 000 | 01354nam 2200301 450 | |
| 001 | CAL 0120213144240 | |
| 005 | 20230217093111.0 | |
| 010 | @a978-7-5169-1725-1@dCNY68.00 | |
| 100 | @a20210113d2021 em y0chiy0120 ea | |
| 101 | 0 | @achi |
| 102 | @aCN@b110000 | |
| 105 | @ay a 000yy | |
| 106 | @ar | |
| 200 | 1 | @a易经异文释导读@Ayi jing yi wen shi dao du@f(清) 李富孙著@g吴辛丑导读 |
| 210 | @a北京@c华龄出版社@d2021.01 | |
| 215 | @a252页@d24cm | |
| 225 | 2 | @a历代易学名著整理与研究丛书@Ali dai yi xue ming zhu zheng li yu yan jiu cong shu@h第二辑@v5 |
| 300 | @a泰山学者工程专项经费资助 教育部人文社科基地重大项目“两宋时期易学流衍与哲学发展”前期成果 | |
| 314 | @a吴辛丑, 男, 湖北天门人。现任华南师范大学文学院教授, 博士生导师, 副院长。 | |
| 320 | @a有书目 | |
| 330 | @a《易经异文释》迄今尚无现代标点整理本, 本书据《清经解续编》所收南书院刻本《易经异文释》进行标点与校勘, 参校本为上海蜚英馆石印缩本《易经异文释》。《易经异文释》是易学史研究、《周易》版本与训话研究的重要参考书, 其中所收古本《周易》异文对考察研究简帛《周易》异文具有重要参考价值。 | |
| 410 | 0 | @12001 @a历代易学名著整理与研究丛书@h第二辑@v5 |
| 605 | @a周易@Azhou yi@x研究 | |
| 690 | @aB221.5@v5 | |
| 701 | 0 | @a李富孙,@Ali fu sun@f1764-1843@4著 |
| 702 | 0 | @a吴辛丑,@Awu xin chou@f1961-@4导读 |
| 801 | 0 | @aCN@bBJXHZP@c20230222 |
| 905 | @b1393088-91@dB221.5@e1040@f4 | |
| 易经异文释导读/(清) 李富孙著/吴辛丑导读.-北京:华龄出版社,2021.01 |
| 252页;24cm.-(历代易学名著整理与研究丛书.第二辑;5) |
| 泰山学者工程专项经费资助 教育部人文社科基地重大项目“两宋时期易学流衍与哲学发展”前期成果 |
| ISBN 978-7-5169-1725-1:CNY68.00 |
| 《易经异文释》迄今尚无现代标点整理本, 本书据《清经解续编》所收南书院刻本《易经异文释》进行标点与校勘, 参校本为上海蜚英馆石印缩本《易经异文释》。《易经异文释》是易学史研究、《周易》版本与训话研究的重要参考书, 其中所收古本《周易》异文对考察研究简帛《周易》异文具有重要参考价值。 |
| ● |
| 相关链接 |
|
|
|
|
正题名:易经异文释导读
索取号:B221.5/1040
 
预约/预借
| 序号 | 登录号 | 条形码 | 馆藏地/架位号 | 状态 | 备注 |
| 1 | 1393088 | 213930889 | 第一样本阅览室/ [索取号:B221.5/1040] | 在馆 | |
| 2 | 1393089 | 213930898 | 第一借阅区/ [索取号:B221.5/1040] | 在馆 | |
| 3 | 1393090 | 213930905 | 第一借阅区/ [索取号:B221.5/1040] | 在馆 | |
| 4 | 1393091 | 213930914 | 第一借阅区/ [索取号:B221.5/1040] | 在馆 |